Bedári : 3/ Marius /

Enregistré dans:
Détails bibliographiques
Auteur principal: HUGO, Victor (Auteur)
Autres auteurs: Felix, Jozef (Traducteur)
Format: Livre
Langue:slovaque
Publié: Bratislava Tatran, 1973
Édition:3. vydanie
Collection:METEOR, 51. zväzok
Tags: Ajouter un tag
Pas de tags, Soyez le premier à ajouter un tag!

MARC

LEADER 00000nam a22000003a 4500
001 0103209
003 SK-STU
005 20230706104833.8
007 ta
008 230706s ----xo-----e------000-0-----d
040 |a STU  |b slo 
041 0 |a slo 
044 |a xo 
100 1 |a HUGO, Victor  |4 aut 
245 1 0 |a Bedári :  |b 3/ Marius /  |c aut. Victor HUGO ; prekl. Jozef Felix 
250 |a 3. vydanie 
260 |a Bratislava  |b Tatran,  |c 1973 
300 |a 304 strán 
490 0 |a METEOR,  |v 51. zväzok 
700 1 |a Felix, Jozef  |4 trl 
996 |c I* 4SOA14002  |l I  |s A  |a 24  |w 0103209_0001